<?xml version='1.0' encoding='UTF-8'?><?xml-stylesheet href='static/style.xsl' type='text/xsl'?><OAI-PMH xmlns="http://www.openarchives.org/OAI/2.0/" xmlns:xsi="http://www.w3.org/2001/XMLSchema-instance" xsi:schemaLocation="http://www.openarchives.org/OAI/2.0/ http://www.openarchives.org/OAI/2.0/OAI-PMH.xsd"><responseDate>2026-04-30T08:06:29Z</responseDate><request verb="GetRecord" identifier="oai:ebiltegia.mondragon.edu:20.500.11984/5176" metadataPrefix="marc">https://ebiltegia.mondragon.edu/oai/request</request><GetRecord><record><header><identifier>oai:ebiltegia.mondragon.edu:20.500.11984/5176</identifier><datestamp>2024-01-04T21:57:05Z</datestamp><setSpec>com_20.500.11984_1136</setSpec><setSpec>col_20.500.11984_1142</setSpec></header><metadata><record xmlns="http://www.loc.gov/MARC21/slim" xmlns:dcterms="http://purl.org/dc/terms/" xmlns:xsi="http://www.w3.org/2001/XMLSchema-instance" xmlns:doc="http://www.lyncode.com/xoai" xsi:schemaLocation="http://www.loc.gov/MARC21/slim http://www.loc.gov/standards/marcxml/schema/MARC21slim.xsd">
   <leader>00925njm 22002777a 4500</leader>
   <datafield ind2=" " ind1=" " tag="042">
      <subfield code="a">dc</subfield>
   </datafield>
   <datafield ind2=" " ind1=" " tag="720">
      <subfield code="a">Kareaga Irazabalbeitia, Arianne</subfield>
      <subfield code="e">author</subfield>
   </datafield>
   <datafield ind2=" " ind1=" " tag="260">
      <subfield code="c">2020</subfield>
   </datafield>
   <datafield ind2=" " ind1=" " tag="520">
      <subfield code="a">KoopFabrika es un programa de fomento y&#xd;
promoción de la economía social y el emprendimiento cooperativo para iniciativas surgidas en el Territorio Histórico de Gipuzkoa cuya primera edición se impartió en el curso 2016-2017 promovido por el Instituto Lanki de la Universidad de Mondragón,&#xd;
Olatukoop (https://olatukoop.eus) y el Instituto Gezki de la Universidad&#xd;
del País Vasco (UPV/EHU). En el curso 2019-2020&#xd;
se ha iniciado en Bizkaia esta experiencia en coordinación con REAS&#xd;
Euskadi, Olatukoop y otras entidades.&#xd;
El programa trata de combinar tres ejes de actuación principales, junto&#xd;
con dos actividades complementarias que fortalecen y extienden la&#xd;
experiencia. Los tres ejes de actuación que se orientan a los emprendimientos&#xd;
cooperativos dentro del programa son: la formación, la tutorización y el&#xd;
“hacer red”.</subfield>
   </datafield>
   <datafield ind2=" " ind1=" " tag="520">
      <subfield code="a">KoopFabrika ekonomia sozial eta ekintzailetza&#xd;
kooperatiboa sustatzeko programa bat da, Gipuzkoako Lurralde&#xd;
Historikoan sortutako ekimenetara zuzendua. Bere lehen edizioa 2016-2017&#xd;
ikasturtean izan zen Lanki Institutuak (MU), Olatukoop eta Gezki Institutuak (EHU) bultzatuta. 2019-2020 ikasturtean ekin zaio&#xd;
ekimenari Bizkaian REAS Euskadi, Olatukoop eta&#xd;
beste erakunde batzuekin koordinatuta.&#xd;
Programak hiru jarduera-ardatz nagusi, eta esperientzia indartzen eta&#xd;
hedatzen duten bi jarduera gehigarri konbinatzen ditu. Programaren&#xd;
barruan ekimen kooperatiboetara zuzentzen diren hiru jarduera-ardatz&#xd;
nagusiak dira prestakuntza, tutoretza eta saregintza.</subfield>
   </datafield>
   <datafield ind1="8" ind2=" " tag="024">
      <subfield code="a">978-84-16257-68-3</subfield>
   </datafield>
   <datafield ind1="8" ind2=" " tag="024">
      <subfield code="a">https://katalogoa.mondragon.edu/janium-bin/janium_login_opac.pl?find&amp;ficha_no=162337</subfield>
   </datafield>
   <datafield ind1="8" ind2=" " tag="024">
      <subfield code="a">https://hdl.handle.net/20.500.11984/5176</subfield>
   </datafield>
   <datafield tag="653" ind2=" " ind1=" ">
      <subfield code="a">Economía social</subfield>
   </datafield>
   <datafield tag="653" ind2=" " ind1=" ">
      <subfield code="a">Emprendizaje</subfield>
   </datafield>
   <datafield tag="653" ind2=" " ind1=" ">
      <subfield code="a">Universidades</subfield>
   </datafield>
   <datafield tag="653" ind2=" " ind1=" ">
      <subfield code="a">Formación profesional</subfield>
   </datafield>
   <datafield ind2="0" ind1="0" tag="245">
      <subfield code="a">Programa KoopFabrika (Gipuzkoa y Bizkaia) = KoopFabrika Programa (Gipuzkoa eta Bizkaia)</subfield>
   </datafield>
</record></metadata></record></GetRecord></OAI-PMH>